[Event "Aragon-chT Preferente A"]
[Site "Aragon"]
[Date "2013.02.16"]
[Round "4.44"]
[White "Sarto Ramos, Angel"]
[Black "Laborda Perez, Jose Antonio"]
[Result "1-0"]
[WhiteElo "1957"]
[BlackElo "1599"]
[PlyCount "85"]
[EventDate "2013.01.26"]
[EventType "team"]
[EventRounds "9"]
[EventCountry "ESP"]
[SourceTitle "EXT 2014"]
[Source "ChessBase"]
[SourceDate "2013.11.20"]
[SourceVersion "1"]
[SourceVersionDate "2013.11.20"]
[SourceQuality "1"]
[WhiteTeam "El Olivar III"]
[BlackTeam "Ramiro III"]
[WhiteTeamCountry "ESP"]
[BlackTeamCountry "ESP"]

1. Nf3 Nf6 2. d4 d5 3. e3 Bg4 4. Be2 g6 5. Nc3 Bg7 6. h4 h5 7. Ne5 Bxe2 8. Qxe2 c6 9. Bd2 Nbd7 10. Qd3 Nxe5 11. dxe5 Ng4 12. f4 e6 13. a4 Qe7 14. b4 b6 15. Rb1 0-0 16. g3 Rfc8 17. 0-0 Nh6 18. Kg2 Ng4 19. Ne2 Rd8 20. Nd4 Qe8 21. b5 c5 22. Nc6 Rd7 23. Bc3 Kh8 24. Ra1 c4 25. Qe2 Rb7 26. Bd4 a6 27. c3 a5 28. Rad1 Rd7 29. Bxb6 f6 30. Bd4 f5 31. Bb6 Rb7 32. Bxa5 Rxa5 33. Nxa5 Ra7 34. Nc6 Rxa4 35. Ra1 Qa8 36. Rxa4 Qxa4 37. Nd4 Qa7 38. Rb1 Qb6 39. Ra1 Qb7 40. Ra6 Bxe5 41. fxe5 Nxe5 42. Qa2 Nf7 43. Ra7 1-0

[Event "Aragon-chT Preferente A"]
[Site "Aragon"]
[Date "2013.02.02"]
[Round "2.40"]
[White "Sarto Ramos, Angel"]
[Black "Flores, Francisco"]
[Result "1-0"]
[WhiteElo "1957"]
[BlackElo "1850"]
[PlyCount "53"]
[EventDate "2013.01.26"]
[EventType "team"]
[EventRounds "9"]
[EventCountry "ESP"]
[SourceTitle "EXT 2014"]
[Source "ChessBase"]
[SourceDate "2013.11.20"]
[SourceVersion "1"]
[SourceVersionDate "2013.11.20"]
[SourceQuality "1"]
[WhiteTeam "El Olivar III"]
[BlackTeam "Helios II"]
[WhiteTeamCountry "ESP"]
[BlackTeamCountry "ESP"]

1. d4 d5 2. Nf3 Nf6 3. Nbd2 e6 4. e3 Bd6 5. b3 0-0 6. Bb2 Nbd7 7. Bd3 Re8 8. Ne5 c5 9. 0-0 Qc7 10. f4 Nf8 11. g4 Ng6 12. g5 Nd7 13. h4 Ndxe5 14. fxe5 Be7 15. Qg4 Qd8 16. Rf3 cxd4 17. exd4 Qb6 18. Kh1 Qc7 19. h5 Nf8 20. Raf1 Bb4 21. c3 Ba5 22. Rxf7 Qxf7 23. Rxf7 Kxf7 24. g6+ Kg8 25. gxh7+ Nxh7 26. Bxh7+ Kxh7 27. Qg6+ 1-0

[Event "Benidorm op U2300 11th"]
[Site "Benidorm"]
[Date "2012.12.03"]
[Round "4"]
[White "Mascarell Canet, Ricardo"]
[Black "Sarto Ramos, Angel"]
[Result "0-1"]
[WhiteElo "2035"]
[BlackElo "1974"]
[PlyCount "23"]
[EventDate "2012.11.30"]
[EventType "swiss"]
[EventRounds "10"]
[EventCountry "ESP"]
[SourceTitle "EXT 2014"]
[Source "ChessBase"]
[SourceDate "2013.11.20"]
[SourceVersion "1"]
[SourceVersionDate "2013.11.20"]
[SourceQuality "1"]

1. e4 g6 2. d4 c6 3. Nc3 d5 4. e5 Bf5 5. Bf4 h5 6. Be2 e6 7. Nf3 Be7 8. Qd2 Nd7 9. h3 h4 10. 0-0-0 g5 11. g4 hxg3 12. Ng1 0-1

[Event "ESP-ch Seniors 10th"]
[Site "Mondariz"]
[Date "2012.10.14"]
[Round "5"]
[White "Sarto Ramos, Angel"]
[Black "Hostalet Ferrer, Pedro Enrique"]
[Result "0-1"]
[WhiteElo "2000"]
[BlackElo "2031"]
[PlyCount "110"]
[EventDate "2012.10.10"]
[EventType "swiss"]
[EventRounds "9"]
[EventCountry "ESP"]
[SourceTitle "EXT 2013"]
[Source "ChessBase"]
[SourceDate "2012.11.22"]
[SourceVersion "1"]
[SourceVersionDate "2012.11.22"]
[SourceQuality "1"]

1. d4 d5 2. Nf3 e6 3. Nbd2 c5 4. e3 Nc6 5. a3 Nf6 6. b3 Bd6 7. Bb2 Qc7 8. dxc5 Bxc5 9. b4 Bd6 10. c4 Ne5 11. c5 Nxf3+ 12. Nxf3 Be7 13. Bd3 0-0 14. Qc2 h6 15. 0-0 Bd7 16. Ne5 Rfc8 17. Rac1 Be8 18. f4 a5 19. Bd4 Nd7 20. e4 Bf6 21. Qc3 axb4 22. axb4 Nxe5 23. fxe5 Bg5 24. Ra1 b6 25. exd5 exd5 26. Rxa8 Rxa8 27. cxb6 Qxc3 28. Bxc3 Be3+ 29. Kh1 Bxb6 30. Ra1 Rxa1+ 31. Bxa1 Kf8 32. g3 Ke7 33. Bf5 g6 34. Bh3 Bd7 35. Kg2 Bxh3+ 36. Kxh3 Ke6 37. Kg4 d4 38. Bb2 Kxe5 39. Kf3 f5 40. Bc1 g5 41. h3 Kd5 42. h4 Bd8 43. hxg5 hxg5 44. Ke2 Kc4 45. b5 Kxb5 46. Kd3 Kc5 47. Bb2 Bf6 48. Ba3+ Kd5 49. Bb2 g4 50. Bc1 Be5 51. Bb2 Bxg3 52. Bxd4 Be5 53. Ba7 f4 54. Bb6 Bd6 55. Ke2 Ke4 0-1

[Event "ESP-ch Seniors 10th"]
[Site "Mondariz"]
[Date "2012.10.12"]
[Round "3"]
[White "Sarto Ramos, Angel"]
[Black "Lopez Colon, Francisco"]
[Result "0-1"]
[WhiteElo "2000"]
[BlackElo "2093"]
[PlyCount "142"]
[EventDate "2012.10.10"]
[EventType "swiss"]
[EventRounds "9"]
[EventCountry "ESP"]
[SourceTitle "EXT 2013"]
[Source "ChessBase"]
[SourceDate "2012.11.22"]
[SourceVersion "1"]
[SourceVersionDate "2012.11.22"]
[SourceQuality "1"]

1. d4 Nf6 2. Nf3 g6 3. Bf4 Bg7 4. Nc3 d5 5. h3 Bf5 6. g4 Be4 7. Nxe4 Nxe4 8. e3 c6 9. Bd3 Nd6 10. Qe2 Qa5+ 11. c3 Nd7 12. h4 0-0-0 13. a4 Nf6 14. b4 Qc7 15. Ne5 Rdf8 16. f3 Nd7 17. Nxd7 Qxd7 18. b5 c5 19. dxc5 Bxc3+ 20. Kf2 e5 21. Bh6 Bxa1 22. cxd6 Bc3 23. Rc1 d4 24. Bxf8 Rxf8 25. exd4 exd4 26. Qe5 Kb8 27. b6 axb6 28. Bb5 Qe6 29. Qf4 Qa2+ 30. Kg3 Bd2 31. Qe5 Bxc1 32. Qe7 Rc8 33. d7 Qd5 34. dxc8Q+ Kxc8 35. Qe8+ Kc7 36. Qe7+ Kb8 37. Bd3 Qe6 38. Qd8+ Ka7 39. Qxd4 Qe1+ 40. Qf2 Qe5+ 41. Kg2 Bf4 42. Qe2 Qa1 43. Bb5 Bd6 44. Qf2 Qe5 45. Kh1 Bc5 46. Qg2 Qe1+ 47. Qf1 Qxh4+ 48. Kg2 Bd6 49. Qf2 Qh2+ 50. Kf1 Qe5 51. Qe2 Qa1+ 52. Qe1 Qa3 53. Kg2 Bc5 54. Qe2 Qa1 55. Qf1 Qd4 56. Kh2 h5 57. gxh5 gxh5 58. Qg2 h4 59. Qg4 Qf2+ 60. Qg2 Qe1 61. Kh3 f5 62. Bf1 Be7 63. Be2 Kb8 64. Bb5 Ka7 65. Be2 Bf6 66. Bb5 Be5 67. Be2 Bg3 68. Qf1 Qb4 69. Bb5 Qf4 70. Qe2 Qc1 71. Qg2 Qc8 0-1